A new look at modern indian history : (Record no. 153482)

MARC details
000 -LEADER
fixed length control field 00626nam a22002057a 4500
005 - DATE AND TIME OF LATEST TRANSACTION
control field 20180706120042.0
010 ## - LCCN (DPL NO)
LC control number ENG-123393
020 ## - INTERNATIONAL STANDARD BOOK NUMBER
Terms of availability 550.00
International Standard Book Number 9789352534340
035 ## - SYSTEM CONTROL NUMBER
System control number EN-106925
037 ## - SOURCE OF ACQUISITION
Source of stock number/acquisition DBAD/PUB
082 ## - DEWEY DECIMAL CLASSIFICATION NUMBER
Classification number 954
100 ## - MAIN ENTRY--PERSONAL NAME
Personal name Grover, B L
245 00 - TITLE STATEMENT
Title A new look at modern indian history :
Statement of responsibility, etc by B L Grover [and] Alka Mehta
Remainder of title from 1707 to the modern times /
250 ## - EDITION STATEMENT
Edition statement 32nd edn.
260 ## - PUBLICATION, DISTRIBUTION, ETC. (IMPRINT)
Place of publication, distribution, etc New Delhi
Name of publisher, distributor, etc S. Chand and Company
Date of publication, distribution, etc 2018
270 ## - ADDRESS
Address 7361, Ram Nagar,
City New Delhi
Postal code 110055
300 ## - PHYSICAL DESCRIPTION
Extent 582p.
Dimensions 26cm(pbk)
Other physical details ill.
700 ## - ADDED ENTRY--PERSONAL NAME
Personal name Mehta, Alka
942 ## - ADDED ENTRY ELEMENTS (KOHA)
Source of classification or shelving scheme Dewey Decimal Classification
Item type English Books
Call number suffix GRO
Classification part 954
Holdings
Withdrawn status Lost status Not for loan Collection code Home library Current library Date acquired Source of acquisition Cost, normal purchase price Full call number Barcode Copy number Cost, replacement price Koha item type
    Not For Loan Non-fiction D.B.Act.Division Central Library 06/07/2018 DBAD/PUB 550.00 954 GRO EN-106925 1 550.00 English Books
      Non-fiction Sarojini Nagar Sarojini Nagar 17/10/2018     954 GRO B-710577     English Books

© Delhi Public Library
Hit Counter
free hit counter